Statistics for American Groups of Three

Click here to take the quiz!

General Stats

  • This quiz has been taken 3,210 times
  • The average score is 32 of 54

Answer Stats

Answer% Correct
Most Common LanguagesEnglish
99%
Colors on the FlagBlue
98%
Colors on the FlagRed
98%
Most Common LanguagesSpanish
98%
Colors on the FlagWhite
98%
Big Three Car MakersFord
94%
Bordering OceansAtlantic
92%
Bordering OceansPacific
92%
Major NYC AirportsJ.F. Kennedy
88%
Most Oil Rich StatesTexas
87%
Big Three TV NetworksABC
84%
Big Three TV NetworksNBC
83%
Destiny's ChildBeyonce
77%
Big Three Car MakersGeneral Motors
76%
Largest US RetailersWal-Mart
76%
Bordering OceansArctic
74%
Big Three TV NetworksCBS
74%
Branches of GovernmentLegislative
71%
Original American Idol JudgesSimon Cowell
71%
Branches of GovernmentExecutive
70%
Branches of GovernmentJudicial
70%
Staple Native American FoodsMaize
69%
Major NYC AirportsLaGuardia
68%
Most Oil Rich StatesAlaska
67%
Axis of Evil CountriesIran
67%
Apollo 11 CrewNeil Armstrong
65%
Axis of Evil CountriesIraq
63%
Movies With 11 Academy AwardsTitanic
63%
Most Common LanguagesChinese
62%
Original Three StoogesMoe
61%
Largest US Department StoresMacy's
59%
Original Three StoogesLarry
57%
Original American Idol JudgesPaula Abdul
57%
Apollo 11 CrewBuzz Aldrin
56%
Schools in EducationHigh
56%
Axis of Evil CountriesNorth Korea
56%
Big Three Car MakersChrysler
54%
Schools in EducationMiddle
53%
Major NYC AirportsNewark
53%
Schools in EducationElementary
48%
Original American Idol JudgesRandy Jackson
48%
Destiny's ChildKelly Rowland
33%
Most Oil Rich StatesNorth Dakota
28%
Staple Native American FoodsBeans
24%
Original Three StoogesShemp
22%
Movies With 11 Academy AwardsThe Lord of the Rings: The Return of the King
22%
Apollo 11 CrewMichael Collins
21%
Destiny's ChildMichelle Williams
21%
Largest US Department StoresJ. C. Penney
20%
Largest US RetailersCostco
19%
Staple Native American FoodsSquash
18%
Movies With 11 Academy AwardsBen-Hur
14%
Largest US Department StoresKohl's
12%
Largest US RetailersKroger
8%

Score Distribution

Percentile by Number Answered

Percent of People with Each Score

Your Score History

You have not taken this quiz